Control and Automation, and Energy System Engineering : International Conferences, CA and CES3 2011, Held as Part of the Future Generation Information Technology Conference, FGIT 2011, in Conjunction with GDC 2011, Jeju Island, Korea, December 8-10, 2011. Proceedings /

Shranjeno v:
Bibliografske podrobnosti
Glavni avtor: Tai-hoon Kim, Hojjat Adeli, Adrian Stoica, Byeong-Ho Kang (edición)
Format: Knjiga
Jezik:angleščina
Izdano: Berlín, Alemania : Springer, 2011, c2011
Serija:(Communications in Computer and Information Science)
Online dostop:Ver documento en línea
Oznake: Označite
Brez oznak, prvi označite!

MARC

LEADER 00000nam^a22000000a04500
001 000610742
009 20260415075435.637
020 |a 978-3-642-26010-0 
022 |a 1865-0937 
037 |a Acervo ITESO - Biblioteca 
041 |a ING 
082 |a Libro en línea 
100 |a Tai-hoon Kim, Hojjat Adeli, Adrian Stoica, Byeong-Ho Kang  |e (edición) 
245 |a Control and Automation, and Energy System Engineering :  |b International Conferences, CA and CES3 2011, Held as Part of the Future Generation Information Technology Conference, FGIT 2011, in Conjunction with GDC 2011, Jeju Island, Korea, December 8-10, 2011. Proceedings / 
264 4 |a Berlín, Alemania :  |b Springer,  |c 2011, c2011 
264 2 |a Cham, Suiza :  |b Springer Link [distribución],  |c 2025 
300 |a 1 libro electrónico en línea (XVI, 396 p.) 
300 |a 1 recurso en línea 
336 |a datos para computadora  |b cod  |2 rdacontenido 
337 |a computadora  |b c  |2 rdamedio 
338 |a recurso en línea  |b cr  |2 rdasoporte 
440 |a (Communications in Computer and Information Science) 
506 0 |a Licencias ilimitadas 
567 |a Catalogación rápida 
649 |a XX 
856 4 0 |u https://link-springer-com.ezproxy.iteso.mx/10.1007/978-3-642-26010-0  |y Ver documento en línea 
910 |a Fondo General 
920 |a Electrónicos - Libros en Línea 
930 |a Plataforma Digital 
905 |a 205 
902 |a https://opac.biblio.iteso.mx/vufind/Record/000610742